| 000 | 00454nam a2200193Ia 4500 | ||
|---|---|---|---|
| 005 | 20250423100525.0 | ||
| 008 | 250422s9999 xx 000 0 und d | ||
| 020 | _a0-471-45075-8 | ||
| 050 | _aQC21.2.J67/ | ||
| 100 | _aAlexander Joseph | ||
| 245 | 0 | _aPhysics For Engineering Technology | |
| 250 | _a2nd ed. | ||
| 260 | _aNew York | ||
| 260 | _bJohn Willey & Sons, Inc | ||
| 260 | _c1966 | ||
| 300 | _a629 p | ||
| 650 | _aPhysics | ||
| 942 | _cBK | ||
| 999 |
_c33564 _d33564 |
||